Borussia Dortmund players (2010-2020) - Statistics

General Stats
  • This quiz has been taken 45 times
  • The average score is 53 of 93
Answer Stats
Rank Player Positions Nationality Matches Goals (assists) Period % Correct
23 Jadon Sancho LW 78 30 (39) 2017-2020
97%
4 Marco Reus AM 182 91 (55) 2012-2020
97%
7 Mario Götze AM 153 35 (44) 2010-2013, 2016-2020
97%
3 Mats Hummels CB 201 14 (13) 2010-2016, 2019-2020
97%
10 Pierre-Emerick Aubameyang ST 144 98 (23) 2013-2018
97%
12 Robert Lewandowski ST 131 74 (30) 2010-2014
97%
8 Shinji Kagawa AM 148 41 (37) 2010-2012, 2014-2019
97%
59 Erling Haaland ST 15 13 (3) 2019-2020
95%
5 Roman Weidenfeller GK 161 0 (0) 2010-2018
95%
20 Christian Pulisic RW 90 13 (18) 2015-2019
92%
2 Marcel Schmelzer LB 218 3 (21) 2010-2020
92%
6 Roman Bürki GK 156 0 (0) 2015-2020
92%
15 Nuri Şahin DM 118 14 (20) 2010-2011, 2012-2018
90%
29 Achraf Hakimi RB 54 7 (14) 2018-2020
87%
51 Ciro Immobile ST 24 3 (1) 2014-2015
87%
21 Henrikh Mkhitaryan CM 90 23 (36) 2013-2016
87%
45 Thorgan Hazard AM, LW 33 7 (13) 2019-2020
87%
1 Lukasz Piszczek RB 253 16 (44) 2010-2020
85%
22 Raphaël Guerreiro LB 85 17 (15) 2016-2020
85%
28 Axel Witsel CB 61 8 (6) 2018-2020
82%
42 Ömer Toprak CB 35 0 (2) 2017-2019
82%
60 Giovanni Reyna AM 15 0 (1) 2019-2020
79%
36 Ivan Perišić LW 42 9 (4) 2011-2013
79%
17 Jakub Blaszczykowski RW 114 22 (29) 2010-2015
79%
26 Manuel Akanji CB 65 1 (1) 2017-2020
79%
19 Sebastian Kehl DM 93 4 (7) 2010-2015
79%
37 Thomas Delaney CM 41 3 (6) 2018-2020
79%
33 Mahmoud Dahoud CM 49 1 (5) 2017-2020
77%
46 Ousmane Dembélé RW 32 6 (13) 2016-2017
77%
40 Paco Alcácer ST 37 23 (1) 2018-2020
77%
54 Andriy Yarmolenko RW 18 3 (5) 2017-2018
74%
49 Abdou Diallo CB 28 1 (1) 2018-2019
72%
47 Marc Bartra CB 31 2 (5) 2016-2018
72%
14 Neven Subotic CB 129 6 (1) 2010-2016, 2017-2018
72%
9 Kevin Großkreutz RB 144 18 (25) 2010-2015
69%
11 Sven Bender DM 139 4 (6) 2010-2017
69%
43 André Schürrle LW 33 3 (9) 2016-2018
67%
65 Emre Mor RW 12 1 (2) 2016-2017
67%
32 Lucas Barrios ST 50 20 (7) 2010-2012
67%
78 Alexander Isak ST 5 0 (0) 2017-2018
64%
35 Dan-Axel Zagadou CB 43 4 (1) 2017-2020
64%
64 Emre Can DM 12 2 (1) 2019-2020
64%
44 Julian Brandt AM 33 3 (8) 2019-2020
64%
30 Adrián Ramos ST 52 13 (8) 2014-2017
62%
62 Kevin Kampl CM 14 0 (2) 2014-2016
62%
77 Marwin Hitz GK 6 0 (0) 2018-2020
62%
13 Sokratis Papastathopoulos CB 130 7 (2) 2013-2018
62%
18 İlkay Gündoğan CM 105 10 (13) 2011-2016
59%
16 Julian Weigl DM 116 3 (0) 2015-2020
59%
81 Dedê LB 4 0 (0) 2010-2011
56%
24 Gonzalo Castro CM 72 6 (15) 2015-2018
56%
68 Michy Batshuayi ST 10 7 (1) 2017-2018
56%
25 Matthias Ginter CB 67 3 (8) 2014-2017
54%
53 Mitchell Langerak GK 19 0 (0) 2010-2015
54%
69 Mohamed Zidan CF 10 0 (0) 2010-2012
51%
34 Felipe Santana CB 47 2 (0) 2010-2013
49%
27 Erik Durm RB 64 2 (7) 2013-2017
46%
48 Jacob Bruun Larsen LW 29 2 (3) 2017-2020
46%
72 Ju-ho Park LB 7 0 (0) 2015-2017
44%
73 Leonardo Balerdi CB 7 0 (0) 2019-2020
44%
80 Mateu Morey RB 5 0 (1) 2019-2020
44%
57 Jeremy Toljan RB 16 1 (2) 2017-2018
41%
70 Mikel Merino CM 8 0 (0) 2016-2017
41%
56 Patrick Owomoyela RB 17 1 (2) 2010-2012
41%
63 Sebastian Rode CM 14 1 (0) 2016-2017
38%
74 Adnan Januzaj RW 6 0 (2) 2015-2016
36%
39 Maximilian Philipp CF 38 10 (3) 2017-2019
36%
52 Milos Jojic CM 20 4 (1) 2013-2015
36%
61 Felix Passlack RB 14 0 (1) 2015-2018
31%
31 Moritz Leitner CM 51 0 (6) 2011-2013, 2015-2016
31%
67 Nico Schulz LB 11 1 (0) 2019-2020
31%
55 Oliver Kirch DM 18 1 (1) 2012-2015
31%
41 Julian Schieber ST 35 3 (0) 2012-2014
28%
84 Marian Sarr CB 2 0 (0) 2013-2014
28%
58 Marius Wolf RB 16 1 (0) 2018-2019
28%
85 Sergio Gómez LW 2 0 (0) 2017-2018
28%
89 Florian Kringe CM 1 0 (0) 2011-2012
23%
38 Jonas Hofmann AM 38 3 (9) 2012-2016
21%
66 Manuel Friedrich CB 11 1 (1) 2013-2014
21%
50 Antônio da Silva AM 27 1 (3) 2010-2012
18%
71 Chris Löwe LB 7 0 (0) 2011-2012
18%
87 Dimitar Rangelov ST 1 0 (0) 2010-2011
18%
88 Dzenis Burnic RM 1 0 (0) 2016-2017
18%
83 Jeremy Dudziak LB 3 0 (1) 2014-2015
18%
90 Joe Gyau LW 1 0 (0) 2014-2015
18%
79 Leonardo Bittencourt CM 5 1 (1) 2012-2013
18%
86 Bálint Bajner ST 1 0 (0) 2012-2013
15%
76 Marvin Ducksch ST 6 0 (0) 2013-2014
13%
92 Mitsuru Maruoka CM 1 0 (0) 2014-2015
13%
93 Tobias Raschl CM 1 0 (0) 2019-2020
13%
91 Koray Günter CB 1 0 (0) 2013-2014
10%
82 Marco Stiepermann AM 4 0 (0) 2010-2011
10%
75 Markus Feulner CM 6 0 (0) 2010-2011
10%
No matching quizzes found
Score Distribution
Percent of People with Each Score
Percentile by Number Answered
Your Score History
You have not taken this quiz